[Event "Chamalieres op"]
[Site "Chamalieres"]
[Date "2009.10.25"]
[Round "2"]
[White "Graillon, David"]
[Black "Ollier, Pablo"]
[Result "0-1"]
[WhiteElo "1949"]
[BlackElo "2248"]
[PlyCount "50"]
[EventDate "2009.10.24"]
[EventType "swiss"]
[EventRounds "9"]
[EventCountry "FRA"]
[SourceTitle "EXT 2010"]
[Source "ChessBase"]
[SourceDate "2010.11.25"]
[SourceVersion "1"]
[SourceVersionDate "2010.11.25"]
[SourceQuality "1"]

1. e4 e6 2. c4 d5 3. d4 dxe4 4. Nc3 Bb4 5. Be3 Nf6 6. f3 c5 7. a3 Bxc3+ 8. bxc3 Nc6 9. Be2 0-0 10. Nh3 Qa5 11. Bd2 e3 12. Bxe3 cxd4 13. Bg5 dxc3 14. Bxf6 gxf6 15. 0-0 e5 16. Qe1 Bf5 17. Qg3+ Bg6 18. f4 Nd4 19. Bh5 exf4 20. Nxf4 Qxh5 21. Nxh5 Ne2+ 22. Kh1 Nxg3+ 23. Nxg3 Rac8 24. Rf4 c2 25. Rc1 Rfd8 0-1

[Event "Loire-ch Top20 0506"]
[Site "Loire"]
[Date "2005.12.10"]
[Round "4"]
[White "Graillon, David"]
[Black "Barnes, Pierrick"]
[Result "1/2-1/2"]
[WhiteElo "1949"]
[BlackElo "1864"]
[PlyCount "88"]
[EventDate "2005.10.08"]
[EventType "swiss"]
[EventRounds "6"]
[EventCountry "FRA"]
[SourceTitle "EXT 2008"]
[Source "ChessBase"]
[SourceDate "2007.11.25"]
[SourceVersion "1"]
[SourceVersionDate "2007.11.25"]
[SourceQuality "1"]

1. d4 Nf6 2. Nf3 e6 3. b3 b6 4. Bb2 d5 5. e3 Be7 6. Bd3 0-0 7. Nbd2 Bb7 8. Ne5 Nbd7 9. 0-0 Rc8 10. f4 c5 11. c4 Ne4 12. Bxe4 dxe4 13. f5 Bg5 14. Qe2 Nxe5 15. dxe5 Qd3 16. Qxd3 exd3 17. Rae1 Rcd8 18. g3 g6 19. f6 h5 20. Kf2 Bh6 21. Rg1 Kh7 22. Bc3 g5 23. g4 Kg6 24. e4 h4 25. h3 Rd7 26. Re3 a6 27. a4 Ra8 28. Ra1 Bf8 29. Ree1 a5 30. Ke3 Rad8 31. Rad1 Bc6 32. Nf3 Bb7 33. Rd2 Bc6 34. Red1 Bb7 35. Rxd3 Rxd3+ 36. Rxd3 Rxd3+ 37. Kxd3 Bc6 38. Be1 Bb7 39. Nd2 Bc6 40. Nb1 Bb7 41. Nc3 Ba8 42. Nb5 Bc6 43. Bc3 Bh6 44. Nd6 Bd7 1/2-1/2

[Event "Lyon op"]
[Site "Lyon"]
[Date "2005.04.17"]
[Round "2"]
[White "Graillon, David"]
[Black "Pham, Minh Hoang"]
[Result "0-1"]
[WhiteElo "1965"]
[BlackElo "2455"]
[PlyCount "55"]
[EventDate "2005.04.16"]
[EventType "swiss"]
[EventRounds "9"]
[EventCountry "FRA"]
[SourceTitle "CBM 105 Extra"]
[Source "ChessBase"]
[SourceDate "2005.05.01"]
[SourceVersion "1"]
[SourceVersionDate "2005.05.01"]
[SourceQuality "1"]

1. d4 Nf6 2. Nf3 b6 3. g3 e6 4. Bg2 Bb7 5. 0-0 c5 6. c4 cxd4 7. Nxd4 Bxg2 8. Kxg2 Qc7 9. b3 Be7 10. Nc3 0-0 11. e4 a6 12. Qd3 Rd8 13. Bg5 h6 14. Bxf6 Bxf6 15. f4 d6 16. f5 Nc6 17. fxe6 Bxd4 18. Nd5 Qb7 19. exf7+ Kh8 20. Rad1 Rf8 21. Nf4 Rxf7 22. Ne2 Be5 23. Qd5 Raf8 24. Nf4 Bxf4 25. gxf4 Rxf4 26. Rxf4 Rxf4 27. Qxd6 Qf7 28. Qxc6 0-1

[Event "Loire-ch Top20 0405"]
[Site "Loire"]
[Date "2005.04.09"]
[Round "8"]
[White "Carrot, Patrick"]
[Black "Graillon, David"]
[Result "1-0"]
[WhiteElo "1820"]
[BlackElo "1965"]
[PlyCount "69"]
[EventDate "2004.09.25"]
[EventType "swiss"]
[EventRounds "9"]
[EventCountry "FRA"]
[SourceTitle "EXT 2008"]
[Source "ChessBase"]
[SourceDate "2007.11.25"]
[SourceVersion "1"]
[SourceVersionDate "2007.11.25"]
[SourceQuality "1"]

1. e4 e5 2. Nf3 Nc6 3. Bb5 a6 4. Bc4 Nf6 5. 0-0 b5 6. Bb3 Bc5 7. c3 0-0 8. d4 exd4 9. cxd4 Bb6 10. e5 Ne4 11. Bd5 Nxf2 12. Rxf2 Bb7 13. Nc3 h6 14. Be3 d6 15. e6 fxe6 16. Bxe6+ Kh8 17. Qd2 Qe7 18. Bd5 Rae8 19. Re1 Qd7 20. Rfe2 b4 21. Ne4 Qg4 22. Nf2 Qh5 23. Bxc6 Bxc6 24. d5 Bb5 25. Bxb6 Bxe2 26. Rxe2 cxb6 27. Rxe8 Rxe8 28. g4 Qf7 29. Nh4 Re5 30. Qxb4 g5 31. Nf5 Qxd5 32. Nxd6 Qxa2 33. Qc3 Qa1+ 34. Kg2 Qa5 35. Qxe5+ 1-0

[Event "Loire-ch Top20 0405"]
[Site "Loire"]
[Date "2005.03.26"]
[Round "7"]
[White "Graillon, David"]
[Black "Deville, Olivier"]
[Result "0-1"]
[WhiteElo "1965"]
[BlackElo "2044"]
[PlyCount "106"]
[EventDate "2004.09.25"]
[EventType "swiss"]
[EventRounds "9"]
[EventCountry "FRA"]
[SourceTitle "EXT 2008"]
[Source "ChessBase"]
[SourceDate "2007.11.25"]
[SourceVersion "1"]
[SourceVersionDate "2007.11.25"]
[SourceQuality "1"]

1. e3 e5 2. d4 exd4 3. exd4 d5 4. c4 Nf6 5. Nc3 Be7 6. Nf3 h6 7. Ne5 0-0 8. Be2 c6 9. 0-0 dxc4 10. Bxc4 Nbd7 11. Qf3 Nb6 12. Bb3 Nbd5 13. Bd2 Be6 14. Rae1 Qb6 15. Nxd5 Bxd5 16. Qg3 Kh8 17. Qh3 Qxd4 18. Bxh6 gxh6 19. Qxh6+ Nh7 20. Ng6+ fxg6 21. Rxe7 Rf7 22. Rxf7 Bxf7 23. Bxf7 Qxb2 24. Qxg6 Qf6 25. Qxf6+ Nxf6 26. Rd1 Kg7 27. Bb3 a5 28. Rd6 a4 29. Bc2 Ra5 30. f3 a3 31. Bb3 Rb5 32. Rd3 Rc5 33. g4 b5 34. h4 b4 35. Kf2 Rc1 36. Rd4 c5 37. Rc4 Rxc4 38. Bxc4 Nd7 39. Bb5 Ne5 40. f4 b3 41. axb3 Nxg4+ 42. Kf3 Nh2+ 43. Kg3 a2 44. Bc4 Nf1+ 45. Bxf1 a1Q 46. Bc4 Kf6 47. Kf3 Qh1+ 48. Ke3 Qxh4 49. Ke4 Qe1+ 50. Kd5 Qe3 51. Kc6 Kf5 52. Kc7 Kxf4 53. Kb6 Ke5 0-1

[Event "Loire-ch Top20 0405"]
[Site "Loire"]
[Date "2005.01.22"]
[Round "5"]
[White "Graillon, David"]
[Black "Bellon, Yves"]
[Result "0-1"]
[WhiteElo "1965"]
[BlackElo "1860"]
[PlyCount "32"]
[EventDate "2004.09.25"]
[EventType "swiss"]
[EventRounds "9"]
[EventCountry "FRA"]
[SourceTitle "EXT 2008"]
[Source "ChessBase"]
[SourceDate "2007.11.25"]
[SourceVersion "1"]
[SourceVersionDate "2007.11.25"]
[SourceQuality "1"]

1. e4 c5 2. Nc3 Nc6 3. f4 d6 4. Nf3 g6 5. Bc4 Bg7 6. 0-0 e6 7. d3 Nge7 8. Qe1 0-0 9. f5 d5 10. Bb3 Nd4 11. Qh4 Nec6 12. fxg6 Nxf3+ 13. Rxf3 Qxh4 14. gxh7+ Kh8 15. Bd2 Nd4 16. Raf1 Be5 0-1

[Event "Loire-ch Top20 0405"]
[Site "Loire"]
[Date "2004.10.16"]
[Round "2"]
[White "Cizeron, Frederic"]
[Black "Graillon, David"]
[Result "1-0"]
[WhiteElo "2114"]
[BlackElo "1965"]
[PlyCount "103"]
[EventDate "2004.09.25"]
[EventType "swiss"]
[EventRounds "9"]
[EventCountry "FRA"]
[SourceTitle "EXT 2008"]
[Source "ChessBase"]
[SourceDate "2007.11.25"]
[SourceVersion "1"]
[SourceVersionDate "2007.11.25"]
[SourceQuality "1"]

1. d4 g6 2. Nf3 Bg7 3. c4 d6 4. g3 b6 5. Bg2 Bb7 6. b3 Nd7 7. Bb2 e6 8. 0-0 Ne7 9. Nbd2 0-0 10. e4 e5 11. Qc2 h6 12. dxe5 Nxe5 13. Nd4 N7c6 14. f4 Nb4 15. Qd1 Ned3 16. Bc3 Nc6 17. Nxc6 Bxc6 18. Bxg7 Kxg7 19. Qc2 Nc5 20. b4 Ne6 21. Qc3+ Kh7 22. Nb3 Qe7 23. Rad1 Rad8 24. Rd2 Ba8 25. Re1 f6 26. e5 dxe5 27. Bxa8 Rxa8 28. fxe5 f5 29. Red1 Rad8 30. Nd4 Nxd4 31. Rxd4 Rxd4 32. Qxd4 Re8 33. c5 Kg8 34. Re1 Rd8 35. Qc4+ Kf8 36. cxb6 cxb6 37. Qc6 Kg7 38. Re2 Rd7 39. e6 Rc7 40. Qd5 Kh7 41. Qe5 Rc8 42. Rd2 Rd8 43. Rxd8 Qxd8 44. e7 Qe8 45. Kf2 Kg8 46. Qe6+ Kg7 47. a4 Kh7 48. Ke3 a5 49. b5 Kg7 50. Kd4 Kh7 51. Kd5 Qa8+ 52. Qc6 1-0

[Event "FRA-chT3 Gr12 0304"]
[Site "Loire"]
[Date "2004.04.04"]
[Round "7.3"]
[White "Graillon, David"]
[Black "Marmey, Cedric"]
[Result "1-0"]
[WhiteElo "1992"]
[BlackElo "1940"]
[PlyCount "59"]
[EventDate "2003.10.12"]
[EventType "team"]
[EventRounds "9"]
[EventCountry "FRA"]
[SourceTitle "EXT 2008"]
[Source "ChessBase"]
[SourceDate "2007.11.25"]
[SourceVersion "1"]
[SourceVersionDate "2007.11.25"]
[SourceQuality "1"]

1. e4 e5 2. Bc4 d6 3. Nf3 Be7 4. d4 Nd7 5. 0-0 c6 6. Nc3 Ngf6 7. Bg5 b5 8. Bd3 Bb7 9. Re1 0-0 10. a4 b4 11. Ne2 a5 12. Ng3 h6 13. Bd2 Re8 14. Nf5 Bf8 15. c4 exd4 16. N3xd4 Nc5 17. Bf4 Nxd3 18. Qxd3 c5 19. Nb5 Bxe4 20. Qh3 Bxf5 21. Qxf5 Ra6 22. Rxe8 Nxe8 23. Rd1 g6 24. Qxc5 dxc5 25. Rxd8 Ng7 26. Bxh6 Ne6 27. Rc8 Rb6 28. Bxf8 Nxf8 29. Rxc5 Re6 30. Kf1 1-0

[Event "FRA-chT3 Gr12 0304"]
[Site "Loire"]
[Date "2004.02.01"]
[Round "5.2"]
[White "Konieczny, Johan"]
[Black "Graillon, David"]
[Result "1/2-1/2"]
[WhiteElo "1640"]
[BlackElo "1992"]
[PlyCount "80"]
[EventDate "2003.10.12"]
[EventType "team"]
[EventRounds "9"]
[EventCountry "FRA"]
[SourceTitle "EXT 2008"]
[Source "ChessBase"]
[SourceDate "2007.11.25"]
[SourceVersion "1"]
[SourceVersionDate "2007.11.25"]
[SourceQuality "1"]

1. d4 d5 2. Nf3 e6 3. Bf4 f5 4. e3 c6 5. Nbd2 Nf6 6. c3 Be7 7. Be2 0-0 8. 0-0 Nbd7 9. Ng5 Nb6 10. h4 Ne4 11. Ngxe4 fxe4 12. h5 Bg5 13. Bg3 Qe8 14. c4 Kh8 15. Bg4 Nd7 16. Rc1 e5 17. cxd5 cxd5 18. Nb3 exd4 19. Nxd4 Nb6 20. Bxc8 Rxc8 21. Qg4 Bf6 22. Rxc8 Qxc8 23. Qxc8 Rxc8 24. f3 Bxd4 25. exd4 e3 26. Re1 Re8 27. Bf4 Na4 28. b3 Nc3 29. Rxe3 Rxe3 30. Bxe3 Nxa2 31. Bd2 b6 32. f4 Kg8 33. Kf2 Kf7 34. Kf3 Ke6 35. g4 a5 36. f5+ Kf6 37. Kf4 h6 38. Kf3 Nb4 39. Bxb4 axb4 40. Kg3 Kg5 1/2-1/2

[Event "Loire-ch Top20 0203"]
[Site "Loire"]
[Date "2003.04.12"]
[Round "8"]
[White "Bruel, Bruno"]
[Black "Graillon, David"]
[Result "1/2-1/2"]
[WhiteElo "1690"]
[BlackElo "1950"]
[PlyCount "52"]
[EventDate "2002.10.??"]
[EventType "swiss"]
[EventRounds "9"]
[EventCountry "FRA"]
[SourceTitle "EXT 2008"]
[Source "ChessBase"]
[SourceDate "2007.11.25"]
[SourceVersion "1"]
[SourceVersionDate "2007.11.25"]
[SourceQuality "1"]

1. d4 c5 2. d5 e5 3. e4 d6 4. Nf3 Nf6 5. Nc3 Be7 6. Bc4 Nbd7 7. 0-0 a6 8. a4 h5 9. h4 Ng4 10. Ng5 Rh6 11. f4 Rg6 12. g3 Bf6 13. Be2 exf4 14. Bxf4 Nde5 15. Qd2 Qe7 16. Rae1 Bd7 17. b3 Kf8 18. Nh7+ Kg8 19. Nxf6+ gxf6 20. Nd1 Kh8 21. Nf2 Rag8 22. Nxg4 Bxg4 23. Bxg4 Nxg4 24. Kg2 Kh7 25. b4 Qc7 26. Qc3 b6 1/2-1/2

[Event "Loire-ch Top20 0203"]
[Site "Loire"]
[Date "2003.03.22"]
[Round "7"]
[White "Graillon, David"]
[Black "Cursoux, Gerard"]
[Result "0-1"]
[WhiteElo "1950"]
[BlackElo "1990"]
[PlyCount "70"]
[EventDate "2002.10.??"]
[EventType "swiss"]
[EventRounds "9"]
[EventCountry "FRA"]
[SourceTitle "EXT 2008"]
[Source "ChessBase"]
[SourceDate "2007.11.25"]
[SourceVersion "1"]
[SourceVersionDate "2007.11.25"]
[SourceQuality "1"]

1. e4 c5 2. Nf3 Nc6 3. d4 cxd4 4. Nxd4 g6 5. Nc3 Bg7 6. Be3 Nf6 7. Be2 0-0 8. h4 h5 9. g4 hxg4 10. h5 gxh5 11. Nf5 d6 12. Nh6+ Bxh6 13. Bxh6 Qa5 14. Bxf8 Kxf8 15. Qd2 Kg7 16. 0-0-0 Be6 17. f4 Rg8 18. f5 Bxa2 19. Nxa2 Qxa2 20. Qc3 Ne5 21. Bd3 Rh8 22. Kd2 Qa4 23. Ke3 Qc6 24. Qe1 Qb6+ 25. Kf4 Nf3 26. Qc3 h4 27. Rdf1 e5+ 28. fxe6 fxe6 29. Rxf3 e5+ 30. Kf5 Rh5+ 31. Ke6 d5+ 32. Ke7 gxf3 33. Bb5 Nxe4 34. Rg1+ Qxg1 35. Qxf3 Qg5+ 0-1

[Event "Aurec Cup"]
[Site "Aurec"]
[Date "2002.06.16"]
[Round "5"]
[White "Graillon, David"]
[Black "Kononov, Alexander"]
[Result "0-1"]
[WhiteElo "1970"]
[BlackElo "2240"]
[PlyCount "62"]
[EventDate "2002.06.??"]
[EventType "team"]
[EventRounds "5"]
[EventCountry "FRA"]
[SourceTitle "EXT 2004"]
[Source "ChessBase"]
[SourceDate "2003.11.25"]
[SourceVersion "1"]
[SourceVersionDate "2003.11.25"]
[SourceQuality "1"]

1. d4 d5 2. Nf3 e6 3. c4 c5 4. cxd5 exd5 5. e3 Nc6 6. Be2 Nf6 7. 0-0 Bd6 8. Nc3 0-0 9. Nb5 Be7 10. dxc5 Bxc5 11. b3 a6 12. Nbd4 Nxd4 13. Nxd4 Ne4 14. Bb2 Bd6 15. Bg4 Qh4 16. h3 Bxg4 17. Qxg4 Qxg4 18. hxg4 g6 19. Nf3 Rac8 20. Rac1 f6 21. Rfd1 Rxc1 22. Rxc1 Kf7 23. Bd4 Ke6 24. Bb2 Rd8 25. Kf1 Nc5 26. Ke2 Nd7 27. g5 f5 28. Nd4+ Kf7 29. f4 Re8 30. Kf2 Nc5 31. Rd1 Rc8 0-1

[Event "Lyon LOE op"]
[Site "Lyon"]
[Date "2002.05.09"]
[Round "3"]
[White "Ravot, Sylvain"]
[Black "Graillon, David"]
[Result "1-0"]
[WhiteElo "2157"]
[BlackElo "2040"]
[PlyCount "89"]
[EventDate "2002.05.??"]
[EventType "swiss"]
[EventRounds "9"]
[EventCountry "FRA"]
[SourceTitle "EXT 2004"]
[Source "ChessBase"]
[SourceDate "2003.11.25"]
[SourceVersion "1"]
[SourceVersionDate "2003.11.25"]
[SourceQuality "1"]

1. e4 c5 2. Nf3 Nc6 3. d4 cxd4 4. c3 d5 5. exd5 Qxd5 6. Be2 e5 7. cxd4 Bb4+ 8. Bd2 Bxd2+ 9. Qxd2 exd4 10. Nc3 Qd8 11. Nb5 Nge7 12. Rd1 0-0 13. Nfxd4 Nxd4 14. Nxd4 Qd5 15. 0-0 Qxa2 16. Qb4 Nd5 17. Qd6 Nb6 18. Bf3 Qxb2 19. Rfe1 Bd7 20. Rb1 Qc3 21. Bxb7 Rad8 22. Rbc1 Qa5 23. Qf4 Bc8 24. Nc6 Qd2 25. Qxd2 Rxd2 26. Ne7+ Kh8 27. Nxc8 Nxc8 28. Rxc8 Rxc8 29. Bxc8 g6 30. Ba6 Kg7 31. Ra1 Rd7 32. Kf1 Kf6 33. Ke2 Kg5 34. Ke3 f5 35. Ra5 h5 36. Bc4 Re7+ 37. Kf3 Rc7 38. Bd3 h4 39. h3 Rd7 40. Ke3 Re7+ 41. Kd4 Rd7+ 42. Rd5 Rxd5+ 43. Kxd5 Kf4 44. Ke6 Kg5 45. Kf7 1-0